000 01752nam a2200325 i 4500
003 DO-SdBNP
005 20260526113910.0
007 ta
008 260526e2025 dr ||||gr|||||||| |bspa d
020 _a9789945651683
040 _aDO-SdBNP
_bspa
_cBNPHU
_erda
041 _aspa
082 _bN714d 2005
_222
100 _aNina Cruz, Geovanny
_989763
_eautor
245 _aDerechos fundamentales del ciudadano ante la Administración Pública :
_bvisión del Tribunal Constitucional Dominicano (2012-2022) /
_cGeovanny Nina Cruz. Tribunal Constitucional Dominicano.
264 _aSanto Domingo, República Dominicana :
_bTribunal Constitucional Dominicano,
_c2025.
300 _a883 páginas ;
_c23 cm.
336 _atexto
_btxt
_2rdacontent
337 _asin mediación
_bn
_2rdamedia
338 _avolumen
_bnc
_2rdacarrier
490 _aDerechos fundamentales
500 _aIncluye biografía del autor en la solapa.
500 _aIncluye tabla de contenido.
520 _aEl presente texto consiste en mostrar de una manera sistemática y resumida las principales decisiones del Tribunal Constitucional en materia de derechos fundamentales cuando el ciudadano ha reclamado ante la jurisdicción constitucional vulneraciones por parte de la Administración Pública. El texto abarca todas las sentencias que desde el año 2012 hasta el año 2022 ha emitido el Tribunal Constitucional cuando ha sido apoderado de un conflicto entre los ciudadanos frente a la administración pública.
590 _aInventariado, 2026/WG.
650 0 _aDerecho
_924051
_zRepública Dominicana
650 0 _aAdministración pública
_99266
_zRepública Dominicana
710 _aTribunal Constitucional de la República Dominicana
_987774
942 _2ddc
_cLBS1
999 _c60825
_d60825